Methods of test for polybutadiene rubbers. Part V. Determination of gel content. (Record no. 73398)

MARC details
000 -LEADER
fixed length control field 00362nam a2200121Ia 4500
245 #0 - TITLE STATEMENT
Title Methods of test for polybutadiene rubbers. Part V. Determination of gel content.
260 ## - PUBLICATION, DISTRIBUTION, ETC. (IMPRINT)
Year of publication 1984
500 ## - GENERAL NOTE
General note Standard number: IS 10016 (Part IV)
650 ## - SUBJECT ADDED ENTRY--TOPICAL TERM
Topical Term Gel content
650 ## - SUBJECT ADDED ENTRY--TOPICAL TERM
Topical Term Polybutadiene rubber
942 ## - ADDED ENTRY ELEMENTS (KOHA)
Koha item type Standards
Holdings
Withdrawn status Lost status Damaged status Not for loan Collection code Home library Current library Date acquired Koha item type
      Standards Indian standards RRII Library RRII Library 31/12/2021 Standards